Airports Named for People #3 - Statistics

General Stats
  • This quiz has been taken 739 times
  • The average score is 8 of 22
Answer Stats
Person City % Correct
King Khalid bin AbdulAziz Riyadh
69%
John Foster Dulles Washington
65%
Simón Bolívar Caracas
62%
Václav Havel Prague
59%
Lech Wałęsa Gdańsk
54%
King AbdulAziz ibn Saud Jeddah
54%
Cristiano Ronaldo Madeira
49%
Ferenc Liszt (Franz Liszt) Budapest
47%
Jomo Kenyatta Nairobi
46%
John Wayne Los Angeles
41%
Eleftherios Venizelos Athens
39%
Adolfo Suárez Madrid
36%
Pat McCarran Las Vegas
33%
Oliver Tambo Johannesburg
28%
Albert Bond Lambert* St Louis
23%
John Glenn Columbus
21%
Rosalía de Castro Santiago de Compostela
20%
Nicolaus Copernicus Wrocław
20%
Kenneth Kaunda Lusaka
12%
Charles Lindbergh* San Diego
11%
Seewoosagur Ramgoolam Mauritius
9%
St Paul the Apostle Ohrid
3%
No matching quizzes found
Score Distribution
Percent of People with Each Score
Percentile by Number Answered
Your Score History
You have not taken this quiz